Hazai eredmények a myasthenia gravisban szenvedő betegekről

Elmentve itt :
Bibliográfiai részletek
Szerző: Pigniczki Péter Pál
További közreműködők: Nagy-Grócz Gábor (Témavezető)
Dokumentumtípus: Szakdolgozat
Megjelent: 2022
Tárgyszavak:
Online Access:http://diploma.bibl.u-szeged.hu/134092
LEADER 00728nta a2200181 i 4500
001 dipl134092
005 20230901101229.0
008 230725s2022 hu om 0|| hun d
040 |a SZTE Diploma Repozitórium  |b hun 
041 |a hun 
100 1 |a Pigniczki Péter Pál 
245 1 0 |a Hazai eredmények a myasthenia gravisban szenvedő betegekről  |h [elektronikus dokumentum] /  |c Péter Pál Pigniczki 
246 1 0 |a Results from patients with myasthenia gravis in Hungary  |h [elektronikus dokumentum] 
260 |c 2022 
650 4 |a Orvos- és egészségtudományok 
650 4 |a Health sciences 
700 2 |a Nagy-Grócz Gábor  |e ths 
856 4 0 |u https://diploma.bibl.u-szeged.hu/id/eprint/134092/1/2022_pigniczki_peter_pal.pdf  |z Dokumentum-elérés